| 000 | 00913nam a2200229 a 4500 | ||
|---|---|---|---|
| 005 | 20090801120133.0 | ||
| 008 | 080719s2008 ii b b 001 0 eng | ||
| 010 | _aENG-94599 | ||
| 020 |
_a8183242812 _c295.00 |
||
| 035 | _aEN-78132 | ||
| 037 | _bDBAD / PUB | ||
| 040 |
_adpl _bEnglish |
||
| 082 | _a324.25451084 | ||
| 100 | _aBoruah, Chandranath | ||
| 245 |
_aAssamese response to regionalism: _cby Chandranath Boruah _ba study based on electoal politics / |
||
| 260 |
_aNew Delhi _bMittal Publications _c2009 |
||
| 270 |
_a4594/9, Daryaganj, _bNew Delhi _e110002 |
||
| 300 |
_axxv, 108p. _c24cm(Hb) |
||
| 500 | _aIncludes bibliographical references and index | ||
| 942 |
_2ddc _cEN _mBOR _h324.25451084 |
||
| 999 |
_c28822 _d28822 |
||